000 00508nam a2200181Ia 4500
005 20250326124714.0
008 250326s9999 xx 000 0 und d
037 _aTextbook
040 _aFMSL
_beng
_cFMSL
041 _aeng
_2eng
084 _aX:89A K6;L0
_qFMSL
100 _aBakewell K G B
_944594
245 0 _aHow to find out : management productivity
_cBakewell K G B
260 _aNY
_bNY, Pergamon
_c1966
300 _a389p
942 _cTB
_hX:89A K6;L0
999 _c1274842
_d1274842